书目信息 |
| 题名: |
珍宝·歌谣
|
|
| 作者: | 张跃政 编著 | |
| 分册: | ||
| 出版信息: | 银川 宁夏人民出版社 2010.05 |
|
| 页数: | 217页 | |
| 开本: | 23cm | |
| 丛书名: | ||
| 单 册: | ||
| 中图分类: | I217.2 | |
| 科图分类: | ||
| 主题词: | 文学--作品集--中国--中国 | |
| 电子资源: | ||
| ISBN: | 978-7-227-03795-8 | |
| 000 | 00647nam0 2200229 450 | |
| 001 | 1062519734 | |
| 005 | 20100811172420.96 | |
| 010 | @a978-7-227-03795-8@dCNY27.00 | |
| 100 | @a20100515d2010 km y0chiy0120 ea | |
| 101 | 0 | @achi |
| 102 | @aCN@b630000 | |
| 105 | @ay z 000yy | |
| 200 | 1 | @a珍宝·歌谣@Azhen bao·ge yao@f张跃政编著@Fzhang yue zheng bian zhu |
| 205 | @a第2版 | |
| 210 | @a银川@c宁夏人民出版社@d2010.05 | |
| 215 | @a217页@d23cm | |
| 330 | @a这是一部文学作品集。 | |
| 606 | 0 | @a文学@x作品集@x中国@y中国 |
| 690 | @aI217.2@v4 | |
| 701 | 0 | @a张跃政@Azhang yue zheng@4编著 |
| 801 | 0 | @aCN@c20100515 |
| 905 | @dI217.2@eZ230-2=2@f5 | |
| 珍宝·歌谣/张跃政编著.-第2版.-银川:宁夏人民出版社,2010.05 |
| 217页;23cm |
| ISBN 978-7-227-03795-8:CNY27.00 |
| 这是一部文学作品集。 |
| ● |
| 相关链接 |
|
|
|
正题名:珍宝·歌谣
索取号:I217.2/Z230-2=2
 
预约/预借
| 序号 | 登录号 | 条形码 | 馆藏地/架位号 | 状态 | 备注 |
| 1 | 1024970 | 210249701 | 文学库108/108文学库 15排6列4层/ [索取号:I217.2/Z230-2=2] | 在馆 | |
| 2 | 1024971 | 210249710 | 文学库108/108文学库 15排6列4层/ [索取号:I217.2/Z230-2=2] | 在馆 | |
| 3 | 1024972 | 210249729 | 社科二线400B/400B社科库 10排3列2层/ [索取号:I217.2/Z230-2=2] | 在馆 | |
| 4 | 1024973 | 210249738 | 文学库108/108文学库 15排6列4层/ [索取号:I217.2/Z230-2=2] | 在馆 | |
| 5 | 1024974 | 210249747 | 社科二线400B/400B社科库 10排3列2层/ [索取号:I217.2/Z230-2=2] | 在馆 |